| 000 | 00355nam a22001457a 4500 | ||
|---|---|---|---|
| 003 | OSt | ||
| 005 | 20210914142523.0 | ||
| 008 | 210914b |||||||| |||| 00| 0 eng d | ||
| 020 | _a0781729564 | ||
| 040 | _cHU | ||
| 100 |
_aGARRETT; JR. _93514 |
||
| 245 | _aPRINCIPLES AND PRACTICE OF PRIMARY CARE SPORTS MEDICINE | ||
| 300 | _a677 | ||
| 942 |
_2ddc _cBOOKS _n0 |
||
| 999 |
_c3755 _d3755 |
||